THE CAP SELLER AND THE MONKEYD (Record no. 6837)
[ view plain ]
| 000 -LEADER | |
|---|---|
| fixed length control field | 00645nam a22001457a 4500 |
| 020 ## - INTERNATIONAL STANDARD BOOK NUMBER | |
| ISBN | 978-93-91129-11-8 |
| 082 ## - DEWEY DECIMAL CLASSIFICATION NUMBER | |
| Classification number | 823 |
| Item number | MAP/C |
| 100 ## - MAIN ENTRY--AUTHOR NAME | |
| Personal name | MAPLE KIDS |
| 245 ## - TITLE STATEMENT | |
| Title | THE CAP SELLER AND THE MONKEYD |
| 260 ## - PUBLICATION, DISTRIBUTION, ETC. (IMPRINT) | |
| Place of publication | NOIDA |
| Name of publisher | MAPLE PRESS PRIVATE LIMITED |
| Year of publication | 2023 |
| 300 ## - PHYSICAL DESCRIPTION | |
| Number of Pages | 16 |
| 520 ## - SUMMARY, ETC. | |
| Summary, etc | When the cap seller got up, he was surprised to see that his basket was empty and the monkeys were wearing his caps. He observed that the monkets were imitating him, so he threw the cap he was wearing on the ground, and all the monkeys did the same. The cap seller quickly gathered all the caps and went away happily. |
| 650 ## - SUBJECT ADDED ENTRY--TOPICAL TERM | |
| Topical Term | MORAL STORY |
| 942 ## - ADDED ENTRY ELEMENTS (KOHA) | |
| Koha item type | Books |
| Withdrawn status | Lost status | Collection code | Home library | Current library | Shelving location | Date acquired | Source of acquisition | Cost, normal purchase price | Full call number | Accession Number | Koha item type |
|---|---|---|---|---|---|---|---|---|---|---|---|
| Fiction | Main Library | Main Library | NEW SHELF WITH NEW ENTRY | 26/10/2023 | Purchase | 35.00 | 823 MAP/C | 13034 | Books |